Lingua
English
Deutsch
Español
Français
Italiano
日本語
Nederlands
Português
Português (Brasil)
中文(简体)
中文(繁體)
Türkçe
עברית
Gaeilge
Cymraeg
Ελληνικά
Català
Euskara
Русский
Čeština
Suomi
Svenska
polski
Dansk
slovenščina
اللغة العربية
বাংলা
Galego
Tiếng Việt
Hrvatski
हिंदी
Հայերէն
Українська
Tutti i Campi
Titolo
Autore
Soggetto
ISBN/ISSN
Tag
Identificatore
Cerca
Avanzata
Т. 55, № 3; Ядерная физика...
Citazione
Invia SMS
Invia email
Stampa
Esporta il record
Esporta a RefWorks
Esporta a EndNoteWeb
Esporta a EndNote
PLink permanente
Esportazione completata correttamente —
Т. 55, № 3; Ядерная физика
Dettagli Bibliografici
Parent link:
Ядерная физика/ Российская академия наук ; Министерство атомной энергетики и промышленности. Т. 55, № 3.— , 1965-.— 0044-0027
Lingua:
russo
Pubblicazione:
1992
Natura:
MixedMaterials
Libro
KOHA link:
https://koha.lib.tpu.ru/cgi-bin/koha/opac-detail.pl?biblionumber=395195
Posseduto
Descrizione
Documenti analoghi
MARC21
MARC
LEADER
00000nam2a2200000 4500
001
395195
005
20231101064603.0
035
|a
(RuTPU)RU\TPU\prd\32381
090
|a
395195
100
|a
20050204a19659999k y0rusy50 ca
101
0
|a
rus
102
|a
RU
200
0
|a
Т. 55, № 3
210
|d
1992
461
1
|0
(RuTPU)RU\TPU\prd\397
|x
0044-0027
|t
Ядерная физика
|f
Российская академия наук ; Министерство атомной энергетики и промышленности
|v
Т. 55, № 3
|d
1965-
801
1
|a
RU
|b
63413507
|c
20050204
|g
PSBO
801
2
|a
RU
|b
63413507
|c
20100315
|g
PSBO
942
|c
BK
999
|a
НТБ_ТПУ
|b
НФ
|e
-8/20100113
|p
П-7300
|u
0,00
|v
1
Documenti analoghi
Т. 55, № 12; Ядерная физика
Pubblicazione: (1992)
Т. 55, № 1; Ядерная физика
Pubblicazione: (1992)
Т. 55, № 2; Ядерная физика
Pubblicazione: (1992)
Т. 55, № 6; Ядерная физика
Pubblicazione: (1992)
Т. 55, № 7; Ядерная физика
Pubblicazione: (1992)